000 00732nam a2200217Ia 4500
003 GCL
008 140319s9999 xx 000 0 ara d
040 _aGCL /
_cGCL
082 0 4 _a414
_bم ب
100 1 _aمصطفى السعدنى
245 1 0 _aالبنيات الاسلوبية فى لغة الشعر العربى الحديث /
_cمصطفى السعدنى
260 _a[S.N] :
_bمنشاة المعارف الاسلامية ،
_c1987
300 _a262 ص
490 _aكتب الادب والنقد
_v0
650 0 4 _aالشعر العربى
650 0 4 _aالادب العربى
650 0 4 _aاللغة العربية
650 0 4 _aالبلاغة العربية
650 0 4 _aتاريخ ونقد
942 _2ddc
_cBK
999 _c33400
_d33400